MARC

Tag First Indicator Second Indicator Subfields
LEADER 00000cam a2200000 a 4500
001 in00002787718
005 20211120170410.0
006 m o d f
007 cr bn|||||||||
008 121128s1979 mdua ob f000 0 eng c
027 |a CAS no. 116-06-3 
035 |a (OCoLC)ocn819546222 
040 |a GPO  |c GPO  |d MvI  |d UtOrBLW 
042 |a pcc 
049 |a WWW 
074 |a 0507-G-12 (online) 
086 0 |a HE 20.3159/2:136 
088 |a NCI-CG-TR-136 
245 0 0 |a Bioassay of aldicarb for possible carcinogenicity /  |c Carcinogenesis Testing Program, Division of Cancer Cause and Prevention, National Cancer Institute, National Institutes of Health. 
264 1 |a Bethesda, Md. :  |b U.S. Dept. of Health, Education, and Welfare, Public Health Service, National Institutes of Health,  |c 1979. 
300 |a 1 online resource (xi, 106 pages) :  |b illustrations 
336 |a text  |b txt  |2 rdacontent 
337 |a computer  |b c  |2 rdamedia 
338 |a online resource  |b cr  |2 rdacarrier 
490 1 |a Carcinogenesis technical report series ;  |v no. 136 
490 1 |a DHEW publication ;  |v no. (NIH) 79-1391 
500 |a Title from title screen (viewed on Nov. 28, 2012). 
504 |a Includes bibliographical references (pages 57-59). 
500 |a "CAS number 116-06-3." 
500 |a "NCI-CG-TR-136." 
500 |a Electronic resource. 
650 0 |a Carcinogens. 
650 0 |a Pesticides  |x Toxicology. 
650 0 |a Carbamates  |x Toxicology. 
710 2 |a National Cancer Institute (U.S.).  |b Division of Cancer Cause and Prevention. 
710 2 |a Carcinogenesis Testing Program (U.S.) 
710 2 |a National Institutes of Health (U.S.) 
776 0 8 |i Print version:  |a National Cancer Institute (U.S.). Division of Cancer Cause and Prevention.  |t Bioassay of aldicarb for possible carcinogenicity  |w (OCoLC)5106220 
830 0 |a National Cancer Institute carcinogenesis technical report series ;  |v no. 136. 
830 0 |a DHEW publication ;  |v no. (NIH) 79-1391. 
856 4 0 |u https://purl.fdlp.gov/GPO/gpo31670  |t 0 
999 |a MARS 
999 f f |s b1cfa977-996c-3064-a112-afc6aa9f1939  |i e4a78aaa-9a4d-3da8-9a3f-f2430b08b355  |t 0 
952 f f |a Texas A&M University  |b College Station  |c Electronic Resources  |d Available Online  |t 0  |e HE 20.3159/2:136  |h Superintendent of Documents classification 
998 f f |a HE 20.3159/2:136  |t 0  |l Available Online